Historia del pensamiento económico (Registro nro. 4849)

Detalles MARC
000 -LEADER
fixed length control field 01580 a2200229 4500
001 - CONTROL NUMBER
control field 49482
005 - DATE AND TIME OF LATEST TRANSACTION
control field 20260407155758.0
008 - FIXED-LENGTH DATA ELEMENTS--GENERAL INFORMATION
fixed length control field 260407a1998 arg spa d
003 - CONTROL NUMBER IDENTIFIER
control field AR-UNSa-BCEJYS
040 ## - CATALOGING SOURCE
Original cataloging agency AR-UNSa-BCEJYS
Language of cataloging spa
Transcribing agency AR-UNSa-BCEJYS
080 ## - UNIVERSAL DECIMAL CLASSIFICATION NUMBER
Universal Decimal Classification number 330.8
Common auxiliary subdivision Historia de las teorías, Doctrinas, Dogmas económicos (pensamiento económico)
020 ## - INTERNATIONAL STANDARD BOOK NUMBER
International Standard Book Number 950-534-539-9
041 ## - LANGUAGE CODE
Language code of text/sound track or separate title spa
100 1# - MAIN ENTRY--PERSONAL NAME
Personal name Fernández López, Manuel
245 10 - TITLE STATEMENT
Title Historia del pensamiento económico
264 #1 - PRODUCTION, PUBLICATION, DISTRIBUTION, MANUFACTURE, AND COPYRIGHT NOTICE
Place of production, publication, distribution, manufacture Buenos Aires :
Name of producer, publisher, distributor, manufacturer A-Z Editora
Date of production, publication, distribution, manufacture, or copyright notice 1998
300 ## - PHYSICAL DESCRIPTION
Extent 411 p.
Dimensions 23 cm.
505 ## - FORMATTED CONTENTS NOTE
Formatted contents note 1. Viajemos por la historia de una ciencia - 2. Primer rodeo a Jericó - 3. Doctrinas económicas de la antigüedad - 4. Babilonia y Judea - 5. Grecia - 6. Roma - 7. Edad Media - 8. Consideraciones generales sobre el mercantilismo - 9. Thomas Mun - 10. Philipp Wilhelm von Hörnigk - 11. William Petty - 12. Richard Cantillon - 13. David Hume - 14. François Quesnay - 15. Jacques Turgot - 16. consideraciones generales sobre la economía clásica - 17. Adam Smith - 18. Thomas Robert Malthus - 19. Henry Thornton - 20. David Ricardo - 21. Henri de Saint - Simon - 22. Karl Marx - 23. Consideraciones generales sobre la economía neoclásica - 24. Antoine Augustin Cournot - 25. Johann Heinrich von Thünen - 26. Jules Dupuit - 27. Hermann Heinrich Gossen - 28. William Stanley Jevons - 29. Carl Menger - 30. León Walras -
590 ## - LOCAL NOTE (RLIN)
Local note niveau_biblio:m niveau_hierar:0
856 41 - ELECTRONIC LOCATION AND ACCESS
Uniform Resource Identifier <a href="https://www.biblioeco.unsa.edu.ar/pmb/images/libros/L128111.jpg">https://www.biblioeco.unsa.edu.ar/pmb/images/libros/L128111.jpg</a>
Link text Imagen de portada
Electronic format type image/jpeg
942 ## - ADDED ENTRY ELEMENTS (KOHA)
Koha item type
Existencias
Withdrawn status Lost status Damaged status Not for loan Home library Current library Shelving location Date acquired Total checkouts Full call number Barcode Date last seen Price effective from Koha item type
        Biblioteca Prof. Eusebio Cleto del Rey Biblioteca Prof. Eusebio Cleto del Rey   07/04/2026   330.8 F362h L128110 07/04/2026 07/04/2026 Libro
        Biblioteca Prof. Eusebio Cleto del Rey Biblioteca Prof. Eusebio Cleto del Rey   07/04/2026   330.8 F362h L128111 07/04/2026 07/04/2026 Libro